[Event "FRA-ch U12/16 Girls"]
[Site "Agen"]
[Date "2023.04.28"]
[Round "7"]
[White "Boulay, Alina"]
[Black "Bat, Anu"]
[Result "0-1"]
[WhiteElo "1200"]
[BlackElo "1807"]
[PlyCount "214"]
[EventDate "2023.04.23"]
[EventType "swiss"]
[EventRounds "9"]
[EventCountry "FRA"]
[SourceTitle "CBM 214 Extra"]
[Source "ChessBase"]
[SourceDate "2023.07.31"]
[SourceVersion "1"]
[SourceVersionDate "2023.07.31"]
[SourceQuality "1"]

1. e4 c5 2. d3 e6 3. g3 Nf6 4. Bg2 Nc6 5. Nf3 Be7 6. 0-0 d6 7. Nbd2 0-0 8. Ne1 e5 9. f4 Ng4 10. Nc4 exf4 11. Bxf4 Nge5 12. Nd2 Bg4 13. Ndf3 Qc8 14. c3 Bf6 15. Qd2 h6 16. Nxe5 Bxe5 17. Nc2 Bh3 18. Ne3 Bxg2 19. Kxg2 Qe6 20. Nd5 Rac8 21. Rae1 Ne7 22. Bxe5 dxe5 23. c4 Nc6 24. a3 Nd4 25. b4 b6 26. b5 Qd6 27. Qc3 Ra8 28. a4 a6 29. Ra1 a5 30. Rf2 Rab8 31. Rg1 Rb7 32. Kf1 Qg6 33. g4 Qe6 34. h4 f6 35. h5 Qd6 36. Ke1 Ne6 37. Rgf1 Ng5 38. Kd1 Qe6 39. Rg2 Qe8 40. Kc1 Kf7 41. Rh1 Ke6 42. Qe1 Kd7 43. Qf2 Kd8 44. Qf5 Ne6 45. Rf2 Nd4 46. Qg6 Qxg6 47. hxg6 Kd7 48. Kb2 Ke6 49. Rhf1 Rh8 50. Rh1 Kd6 51. Kc3 Rd8 52. Kb2 Ne6 53. Ne3 Nf4 54. Kc3 Ke6 55. Nd5 Nxg6 56. Rh5 Ne7 57. Rh1 Nxd5+ 58. cxd5+ Kd6 59. Kb3 Rc7 60. Kc4 Rf7 61. Rhf1 Rh8 62. Rh1 Rd7 63. Rfh2 Ke7 64. Rg1 Rg8 65. Kc3 Kf7 66. Rh5 Rh8 67. Rgh1 Rdd8 68. Kd2 Rh7 69. Ke3 Rdh8 70. Kf3 g6 71. R5h2 Kg7 72. Kg3 Rc8 73. Rc1 Rd8 74. Rch1 Rdh8 75. Rh3 h5 76. Rh4 Kf7 77. R4h3 Ke7 78. R3h2 Kd6 79. Rc1 Rg7 80. Rh4 f5 81. g5 Rf8 82. Kg2 fxe4 83. dxe4 Rgf7 84. Kg3 Rf3+ 85. Kg2 Rf2+ 86. Kg1 Ra2 87. Rc4 Rff2 88. Rh3 Rg2+ 89. Kf1 Raf2+ 90. Ke1 Rf4 91. Re3 Rxg5 92. Rcc3 Rg1+ 93. Kd2 Rf2+ 94. Re2 Rf4 95. Rh3 Rgg4 96. Kd3 Rf1 97. Ra2 Rb1 98. Ra3 Rb4 99. Rf3 Rbxe4 100. Rf6+ Kxd5 101. Ra1 c4+ 102. Kc3 Rg3+ 103. Kd2 c3+ 104. Kc2 Re2+ 105. Kd1 Rd2+ 106. Kc1 Rg1+ 107. Rf1 Rxf1# 0-1